Studies on the chlorococcal algae (Chlorophyceae) 1

Bibliographic Details
Main Author: Hindák, František, 1937-2019 (Author)
Format: Book
Language:English
Slovak
Russian
Published: Bratislava Veda 1977
Edition:1. vyd.
Series:Biologické práce
Subjects:

MARC

LEADER 00000cam a2200000 a 4500
001 vtls001110473
003 SK-MaSNL
005 20260302031041.0
008 250414s1977 xo l frn 00100 eng
015 |a SNBA1977/01 
020 |q (brož.) 
035 |a SNK000053316 
040 |a SNK  |b slo  |c SNK  |e AACR2 
041 0 |a eng  |a slo  |a rus  |b slo  |b rus 
044 |a xo  |c SK 
080 |a 582.263(047.31)=20  |2 1981 
100 1 |a Hindák, František,  |d 1937-2019  |4 aut  |9 264601 
245 1 0 |a Studies on the chlorococcal algae (Chlorophyceae)  |n 1  |c František Hindák 
246 1 1 |a Štúdium chlorokokálnych rias (Chlorophyceae)  |n 1 
250 |a 1. vyd. 
260 |a Bratislava  |b Veda  |c 1977  |e Praha  |f Polygrafia 
300 |a 190 s.  |b sch.  |c 24 cm 
366 |e 450 výtl. 
490 1 |a Biologické práce  |v zv. 23/4 
504 |a Obsahuje register 
546 |a Súbežný názov v slovenčine a ruštine ; slovenské a ruské resumé 
650 0 7 |a chlorokálne riasy  |2 SNKPH  |9 678341 
650 0 7 |a Chlorophyceae  |2 SNKPH  |9 678342 
650 0 7 |a rozmnožovanie (biológia)  |2 SNKPH  |9 79678 
655 7 |a vedecké práce  |2 SNKPH  |9 86817 
830 0 |a Biologické práce  |9 276853 
852 |a Slovenská národná knižnica 
958 |a OND 
958 |a NB 
958 |a TL 
999 |c 1050488  |d 1052418 
952 |t P60, <04>, [BOOK], {604}  |a SNK  |b SNK  |y VYP  |7 0  |p 17A0094635  |o snkSC 43354 D1  |0 0  |1 0  |4 0  |d 1997-09-22  |l 0  |r 2004-12-31 00:00:00  |w 2026-02-24 
952 |a SNK  |b SNK  |y PREZ  |7 0  |p 17A1004237  |o snkSC 43354/1  |0 0  |1 0  |4 0  |d 2013-08-20  |l 0  |r 2025-10-21 00:00:00  |w 2026-02-24